Daniel y los leones dorados

Сохранить в:
Библиографические подробности
Главный автор: Vergara, José Manuel (Автор)
Формат:
Язык:испанский
Опубликовано: Santiago Pomaire 1900
Предметы:
Метки: Добавить метку
Нет меток, Требуется 1-ая метка записи!

MARC

LEADER 00000nam a2200000 a 4500
001 UCT1643
003 CL-VaPUC
008 961004e19000000CL |||||||||||||||||spa|d
082 0 4 |a Ch863  |b VER  |2 21 
100 0 |a Vergara, José Manuel  |e author  |9 370596 
245 1 0 |a Daniel y los leones dorados 
300 |a 265 p 
942 |c BK 
945 |d 19961004 00:00:00  |a nastorga 
260 |a Santiago  |b Pomaire  |c 1900 
650 0 |a Novelas chilenas   |9 265425 
583 |a last modification  |c 19961004 00:00:00  |k Rodrigo Vera 
999 |c 252111  |d 252109 
952 |0 0  |1 0  |4 0  |6 CH_863_000000000000000_VER_1900  |7 0  |8 A  |9 271793  |a BIBEDU  |b BIBEDU  |d 2019-11-19  |i 3234223  |o Ch863 VER 1900  |p 3234223  |r 2019-11-19  |w 2019-11-19  |y BK  |k LIT 
952 |0 0  |1 0  |4 0  |6 CH_863_000000000000000_VER_1900  |7 0  |8 A  |9 271794  |a BIBEDU  |b BIBEDU  |d 2019-11-19  |i 3750094  |o Ch863 VER 1900  |p 3750094  |r 2019-11-19  |w 2019-11-19  |y BK  |k LIT